000 00580nam a2200193 a 4500
005 20220909063557.0
008 991125s1995 mx 000 0 spa u
020 _a9682449596
035 _aUPN01000000575
049 _aCG
050 4 _aLB1169
_bA2.2
100 1 _aAcuña, María Luisa
245 1 0 _aActividades didácticas para preescolar :
_bguía de educadoras /
_cMaría Luisa Acuña.
260 _aMéxico :
_bTrillas,
_c1995.
300 _a175 p. :
_bil.
650 2 _aEducación preescolar
_xMetodología
_910519
650 7 _aActividades recreativas
_2
_9147
905 _aLibro
999 _c575
_d575